All locations in KCD2 - quiz - Statistics

General Stats
  • This quiz has been taken 54 times
  • The average score is 9 of 23
Answer Stats
Hint Answer % Correct
2nd Map Kuttenberg
88%
1st Map Trosky Castle
81%
1st Map Semine
72%
1st Map Troskowitz
65%
2nd Map Suchdol
53%
1st Map Nebakov Fortress
49%
1st Map Tachov
47%
2nd Map Maleshov
42%
1st Map Nomad's Camp
42%
1st Map Apollonia
40%
2nd Map Devil's Den
40%
2nd Map Miskowitz
35%
2nd Map Raborsh
35%
2nd Map Old Kutna
33%
1st Map Zhelejov
33%
2nd Map Bylany
30%
2nd Map Grund
30%
2nd Map Opatowitz
23%
2nd Map Sigismund's Camp
21%
2nd Map Horschan
19%
2nd Map Pschitoky
16%
2nd Map Bohunowitz
14%
2nd Map Wysoka
14%
No matching quizzes found
Score Distribution
Percent of People with Each Score
Percentile by Number Answered
Your Score History
You have not taken this quiz